| 000 | 00427nam a22001697a 4500 | ||
|---|---|---|---|
| 020 | _a9780764136924 | ||
| 082 | _a378.1664 KUR | ||
| 100 | _aKu, Richard | ||
| 245 | _aBarron's SAT Subject Test: Math Level-2 | ||
| 250 | _a8th | ||
| 260 |
_aRawalpindi _bJahangir Books _c2010 |
||
| 300 | _av, 364 p. | ||
| 500 | _aIncludes index | ||
| 650 | _aSAT (Educational test)--Mathematics | ||
| 700 | _aDodge, Howard | ||
| 942 | _cBK | ||
| 999 |
_c491109 _d491109 |
||